[Event "FBL 1"]
[Site "Deutschland"]
[Date "2009.11.07"]
[Round "1.6"]
[White "Winkelmann, Elena"]
[Black "Petri, Birgit"]
[Result "1/2-1/2"]
[WhiteElo "2119"]
[BlackElo "2089"]
[PlyCount "96"]
[EventDate "2009.11.07"]
[EventType "team"]
[EventCountry "GER"]
[WhiteTeam "Rodewischer Schachmiezen"]
[BlackTeam "SC Leipzig-Gohlis"]

1. d4 d5 2. c4 e6 3. Nc3 c6 4. cxd5 exd5 5. Nf3 Bf5 6. a3 Bd6 7. Bg5 f6 8. Bh4
Ne7 9. e3 O-O 10. Bg3 Bg6 11. Bd3 Nf5 12. Qc2 Nxg3 13. hxg3 Bxd3 14. Qxd3 f5
15. g4 Qf6 16. gxf5 Qxf5 17. Qxf5 Rxf5 18. Ke2 Nd7 19. g4 Rf6 20. Nh4 g6 21. g5
Re6 22. Kd3 Rae8 23. Rae1 Nb6 24. b3 a6 25. a4 Nc8 26. Re2 Bb4 27. Na2 Bd6 28.
Nc3 Bb4 29. Nf3 Nd6 30. Na2 Ba5 31. Ne5 Ne4 32. Rg1 Bc7 33. f4 R6e7 34. Nc3 Nd6
35. e4 dxe4+ 36. Nxe4 Nxe4 37. Rxe4 Kg7 38. Rge1 Rf8 39. Rf1 Bb8 40. Kc4 Ba7
41. Rd1 Rc7 42. a5 Rd8 43. b4 Rd5 44. Nd3 Rf7 45. Rde1 Rd6 46. Nc5 Bxc5 47.
bxc5 Rdd7 48. Kd3 h6 1/2-1/2

[Event "FBL 1"]
[Site "Deutschland"]
[Date "2009.11.07"]
[Round "1.1"]
[White "Jakubiec, Edyta"]
[Black "Hoolt, Sarah"]
[Result "0-1"]
[WhiteElo "2185"]
[BlackElo "2235"]
[PlyCount "70"]
[EventDate "2009.11.07"]
[EventType "team"]
[EventCountry "GER"]
[WhiteTeam "SAV Torgelow"]
[BlackTeam "SK Lehrte"]

1. e4 c5 2. Nf3 e6 3. d4 cxd4 4. Nxd4 Nc6 5. Nxc6 bxc6 6. Bd3 Nf6 7. O-O d5 8.
Nc3 a5 9. Qe2 Be7 10. b3 Nd7 11. Na4 O-O 12. Bb2 Bf6 13. e5 Be7 14. Rad1 Nb6
15. Nxb6 Qxb6 16. Kh1 c5 17. Bc1 a4 18. f4 g6 19. Rf3 Ba6 20. c4 d4 21. Rh3 Bb7
22. f5 exf5 23. Bxf5 Qc6 24. Rg1 axb3 25. axb3 Ra1 26. Bc2 Rfa8 27. Rf3 R8a2
28. Rff1 Qd7 29. Qd3 Qg4 30. h3 Qe6 31. Kh2 Bf8 32. Bf4 Rxf1 33. Rxf1 Bg7 34.
b4 cxb4 35. Qxd4 Rxc2 0-1

[Event "FBL 1"]
[Site "Deutschland"]
[Date "2009.11.07"]
[Round "1.2"]
[White "Zschischang, Marine"]
[Black "Kunze, Kerstin"]
[Result "1-0"]
[WhiteElo "2089"]
[BlackElo "2147"]
[PlyCount "121"]
[EventDate "2009.11.07"]
[EventType "team"]
[EventCountry "GER"]
[WhiteTeam "SK Lehrte"]
[BlackTeam "SAV Torgelow"]

1. d4 e6 2. c4 c5 3. d5 exd5 4. cxd5 Nf6 5. Nc3 d6 6. e4 Be7 7. Bd3 O-O 8. Nge2
Ng4 9. O-O Na6 10. a3 Nc7 11. f4 Rb8 12. h3 Nf6 13. b4 Nd7 14. Be3 b6 15. b5
Bb7 16. a4 Bf6 17. Rc1 Re8 18. Bf2 Bh4 19. g3 Bf6 20. g4 g6 21. Ng3 Bg7 22. h4
Bc8 23. g5 Nf8 24. h5 Qd7 25. f5 Be5 26. Kg2 Qd8 27. Qg4 Nd7 28. Rh1 Nf8 29.
Qh4 f6 30. hxg6 fxg5 31. gxh7+ Kh8 32. Qh5 Qf6 33. Nce2 Re7 34. Be3 Rg7 35. Qh6
Qe7 36. Nh5 Rxh7 37. Qxg5 Qxg5+ 38. Bxg5 Ne8 39. Kf3 Rbb7 40. Nef4 Rbf7 41. Ke2
Ng7 42. Rcg1 Nxh5 43. Nxh5 Nd7 44. Nf4 Rxh1 45. Ng6+ Kg7 46. Rxh1 Bd4 47. Rh8
Bb7 48. Rd8 Bf6 49. Bxf6+ Kxf6 50. Re8 c4 51. Re6+ Kg5 52. Bc2 Rh7 53. Rxd6
Rh2+ 54. Kd1 Nc5 55. e5 c3 56. f6 Rh1+ 57. Ke2 Rh2+ 58. Ke3 Rxc2 59. f7 Rg2 60.
f8=Q Rg3+ 61. Ke2 1-0

[Event "FBL 1"]
[Site "Deutschland"]
[Date "2009.11.07"]
[Round "1.3"]
[White "Chlost, Marlena"]
[Black "Laake, Jasmin"]
[Result "1-0"]
[WhiteElo "2171"]
[BlackElo "2072"]
[PlyCount "57"]
[EventDate "2009.11.07"]
[EventType "team"]
[EventCountry "GER"]
[WhiteTeam "SAV Torgelow"]
[BlackTeam "SK Lehrte"]

1. e4 c5 2. Nf3 d6 3. d4 cxd4 4. Nxd4 Nf6 5. Nc3 a6 6. Be3 e5 7. Nf3 Nbd7 8.
Bc4 Be7 9. Bxf7+ Kxf7 10. Ng5+ Kg8 11. Nd5 Bf8 12. Qd3 Nc5 13. Bxc5 dxc5 14.
Nxf6+ Qxf6 15. Qd5+ Be6 16. Nxe6 Qf7 17. O-O-O Rb8 18. Rhf1 h5 19. f4 Rh6 20.
f5 b5 21. Qxe5 Rc8 22. Rf3 c4 23. Rg3 h4 24. Rf3 Be7 25. Qd5 Kh7 26. Qd7 Rb8
27. Kb1 Qe8 28. Qd4 Rc8 29. Qxg7# 1-0

[Event "FBL 1"]
[Site "Deutschland"]
[Date "2009.11.07"]
[Round "1.4"]
[White "Schulze, Dorothee"]
[Black "Pfau, Beate"]
[Result "1/2-1/2"]
[WhiteElo "1980"]
[BlackElo "2131"]
[PlyCount "106"]
[EventDate "2009.11.07"]
[EventType "team"]
[EventCountry "GER"]
[WhiteTeam "SK Lehrte"]
[BlackTeam "SAV Torgelow"]

1. e4 c5 2. Nf3 e6 3. d4 cxd4 4. Nxd4 a6 5. Bd3 Nf6 6. O-O Qc7 7. Qe2 Nc6 8.
Nb3 d5 9. N1d2 Bd6 10. g3 h5 11. c4 h4 12. cxd5 Ne5 13. Nc4 Nxc4 14. Bxc4 hxg3
15. hxg3 e5 16. f3 Nh5 17. Kg2 Bh3+ 18. Kf2 Bxf1 19. Qxf1 Rc8 20. Bd3 Nf6 21.
Bd2 Qd7 22. Rc1 Rh2+ 23. Kg1 Rxc1 24. Bxc1 Rh8 25. Be3 Ke7 26. Nc5 Qc7 27. b4
Nd7 28. Qf2 a5 29. Bb5 Nf6 30. a3 axb4 31. axb4 Qc8 32. Qg2 Qa8 33. Qb2 Qc8 34.
Qg2 Qc7 35. Qf2 Qb6 36. Qe2 Qa7 37. Na4 Qa8 38. Qc2 Qd8 39. Bb6 Qb8 40. Nc5 Qc8
41. Qg2 Bc7 42. Bxc7 Qxc7 43. Qb2 Ra8 44. Kg2 Rc8 45. Ba4 Ne8 46. Bd7 Rd8 47.
Ba4 g6 48. Qd2 Nd6 49. Qg5+ Kf8 50. Qxe5 Kg8 51. Qd4 b5 52. Bb3 Qe7 53. f4 Kh7
1/2-1/2

[Event "FBL 1"]
[Site "Deutschland"]
[Date "2009.11.07"]
[Round "1.5"]
[White "Haack, Karin"]
[Black "Saal, Hilkka"]
[Result "1/2-1/2"]
[WhiteElo "2022"]
[BlackElo "1695"]
[PlyCount "46"]
[EventDate "2009.11.07"]
[EventType "team"]
[EventCountry "GER"]
[WhiteTeam "SAV Torgelow"]
[BlackTeam "SK Lehrte"]

1. e4 c5 2. Nf3 d6 3. d4 cxd4 4. Nxd4 Nf6 5. Nc3 g6 6. g3 Bg7 7. Bg2 O-O 8. O-O
Bg4 9. Qd3 Nc6 10. Nxc6 bxc6 11. e5 dxe5 12. Qxd8 Rfxd8 13. Bxc6 Rac8 14. Bg2
Rd7 15. Re1 e4 16. Be3 Rb7 17. Rab1 Rc4 18. Bf1 Rc6 19. h3 Bf3 20. Bg2 Bxg2 21.
Kxg2 Rc4 22. Red1 Nd7 23. Bd2 f5 1/2-1/2

[Event "FBL 1"]
[Site "Deutschland"]
[Date "2009.11.07"]
[Round "1.6"]
[White "Michalek, Barbara"]
[Black "Hippe, Franziska"]
[Result "1-0"]
[WhiteElo "1963"]
[BlackElo "1950"]
[PlyCount "61"]
[EventDate "2009.11.07"]
[EventType "team"]
[EventCountry "GER"]
[WhiteTeam "SK Lehrte"]
[BlackTeam "SAV Torgelow"]

1. d4 Nf6 2. c4 c5 3. Nf3 cxd4 4. Nxd4 Nc6 5. e3 g6 6. Nc3 Bg7 7. Be2 d6 8. O-O
O-O 9. a3 a5 10. b3 Ne5 11. Rb1 Neg4 12. h3 Nh6 13. g4 e5 14. Ndb5 Ne8 15. e4
Qh4 16. Qd3 f5 17. Qg3 Qd8 18. gxf5 Nxf5 19. exf5 Bxf5 20. Bd3 e4 21. Nxe4 Be5
22. f4 Bg7 23. Ng5 Qb6+ 24. Be3 Qc6 25. Bxf5 Rxf5 26. Ne6 Qd7 27. Nxg7 Nxg7 28.
Nd4 Rh5 29. Rf3 Re8 30. Rbf1 d5 31. f5 1-0

[Event "FBL 1"]
[Site "Deutschland"]
[Date "2009.11.07"]
[Round "1.1"]
[White "Alexandrova, Olga"]
[Black "Paehtz, Elisabeth"]
[Result "1/2-1/2"]
[WhiteElo "2391"]
[BlackElo "2482"]
[PlyCount "33"]
[EventDate "2009.11.07"]
[EventType "team"]
[EventCountry "GER"]
[WhiteTeam "SK Großlehna"]
[BlackTeam "SC Bad Königshofen 1957"]

1. d4 Nf6 2. c4 c6 3. Nc3 d5 4. cxd5 cxd5 5. Bf4 a6 6. e3 Nc6 7. Bd3 e6 8. Nf3
Bd6 9. Bxd6 Qxd6 10. O-O O-O 11. a3 Bd7 12. Rc1 Rad8 13. b4 e5 14. b5 Nxd4 15.
exd4 e4 16. Ne5 exd3 17. Qxd3 1/2-1/2

[Event "FBL 1"]
[Site "Deutschland"]
[Date "2009.11.07"]
[Round "1.2"]
[White "Ovod, Evgenija"]
[Black "Stojanovic, Andjelija"]
[Result "1/2-1/2"]
[WhiteElo "2419"]
[BlackElo "2331"]
[PlyCount "148"]
[EventDate "2009.11.07"]
[EventType "team"]
[EventCountry "GER"]
[WhiteTeam "SC Bad Königshofen 1957"]
[BlackTeam "SK Großlehna"]

1. d4 d5 2. c4 c6 3. Nf3 Nf6 4. Nc3 dxc4 5. a4 Bf5 6. e3 e6 7. Bxc4 Bb4 8. O-O
Nbd7 9. Nh4 Bg6 10. f3 Nd5 11. Nxg6 hxg6 12. Ne2 Qh4 13. h3 a5 14. e4 N5b6 15.
Bb3 e5 16. Be3 exd4 17. Nxd4 O-O 18. Qc2 Rac8 19. f4 c5 20. Nf3 Qe7 21. Nd2 c4
22. Nxc4 Nxc4 23. Bxc4 Bc5 24. Bf2 Bxf2+ 25. Rxf2 Nb6 26. b3 Nxc4 27. bxc4 Qc5
28. Rc1 Rfd8 29. f5 gxf5 30. exf5 Rd4 31. f6 Rxc4 32. Qxc4 Qxc4 33. Rxc4 Rxc4
34. Rf5 Rxa4 35. Rg5 g6 36. Rb5 Rf4 37. Rxb7 Rxf6 38. Ra7 Rf5 39. g4 Rb5 40.
Kf2 g5 41. Ke3 Kg7 42. Kd4 Kg6 43. Kc4 Rb4+ 44. Kc3 Ra4 45. Ra6+ f6 46. Ra7
Ra3+ 47. Kd2 Rxh3 48. Rxa5 Rf3 49. Ra4 Kf7 50. Ke2 Rc3 51. Kf2 Rd3 52. Re4 Rd5
53. Kf3 Re5 54. Ra4 Rd5 55. Re4 Rd6 56. Re3 Re6 57. Ra3 Ke7 58. Ra7+ Kd6 59.
Ra6+ Kd5 60. Ra5+ Kd4 61. Ra4+ Kc5 62. Ra5+ Kb6 63. Rd5 Kc6 64. Ra5 Kd7 65.
Ra7+ Ke8 66. Ra8+ Kf7 67. Ra7+ Re7 68. Ra3 Rb7 69. Re3 Rb4 70. Kg3 Rd4 71. Kf3
Rd6 72. Kg3 Re6 73. Ra3 Ke7 74. Ra7+ Kd6 1/2-1/2

[Event "FBL 1"]
[Site "Deutschland"]
[Date "2009.11.07"]
[Round "1.5"]
[White "Havlikova, Kristyna"]
[Black "Melnikova, Yana"]
[Result "1-0"]
[WhiteElo "2185"]
[BlackElo "2288"]
[PlyCount "75"]
[EventDate "2009.11.07"]
[EventType "team"]
[EventCountry "GER"]
[WhiteTeam "SK Großlehna"]
[BlackTeam "SC Bad Königshofen 1957"]

1. e4 c5 2. Nf3 Nc6 3. d3 e6 4. g3 g6 5. Bg2 Bg7 6. Nbd2 Nge7 7. O-O d5 8. Re1
Qc7 9. Qe2 O-O 10. e5 b5 11. h4 Nf5 12. c3 b4 13. Nf1 bxc3 14. bxc3 f6 15. g4
Nfe7 16. d4 fxe5 17. dxe5 a5 18. Qe3 Qa7 19. Ba3 d4 20. cxd4 Nd5 21. Qd2 Rxf3
22. Bxf3 Nxd4 23. Be4 Bxe5 24. Rac1 Nb4 25. Qg5 Nd3 26. Bxc5 Nxc5 27. Rxc5 Qxc5
28. Bxa8 Bd6 29. Qxc5 Bxc5 30. Ng3 Ba6 31. Bg2 Kg7 32. Ne4 Bb4 33. Ng5 Kf6 34.
Re4 h6 35. Nh7+ Kg7 36. Rxd4 Kxh7 37. Rd7+ Kg8 38. Bf1 1-0

[Event "FBL 1"]
[Site "Deutschland"]
[Date "2009.11.07"]
[Round "1.6"]
[White "Blazkova, Petra"]
[Black "Nagel, Verena"]
[Result "1/2-1/2"]
[WhiteElo "2178"]
[BlackElo "2043"]
[PlyCount "110"]
[EventDate "2009.11.07"]
[EventType "team"]
[EventCountry "GER"]
[WhiteTeam "SC Bad Königshofen 1957"]
[BlackTeam "SK Großlehna"]

1. e4 e5 2. f4 exf4 3. Bc4 Qh4+ 4. Kf1 d6 5. Nf3 Qh5 6. Nc3 c6 7. d4 g5 8. Be2
Be7 9. Ne5 Qh6 10. Nd3 Qg7 11. Nf2 Nf6 12. g3 fxg3 13. hxg3 b6 14. Be3 Ba6 15.
Bxa6 Nxa6 16. Qe2 Nc7 17. Qc4 Kd7 18. d5 c5 19. e5 Nfe8 20. Qg4+ Kd8 21. e6
fxe6 22. dxe6 Rf8 23. Qa4 Nxe6 24. Qe4 N8c7 25. Rxh7 Qf6 26. Kg2 Qf5 27. Rd1
Rc8 28. Nd5 Nxd5 29. Rxd5 Qf6 30. c3 Rc7 31. Rh1 Rg8 32. Ng4 Qg6 33. Rf5 Rf8
34. Rhf1 Rxf5 35. Rxf5 Kd7 36. Qd5 Qg8 37. Ne5+ Ke8 38. Nf7 Kd7 39. Ne5+ Ke8
40. Nf7 Qg6 41. Bxg5 Nxg5 42. Nxg5 Bxg5 43. Rxg5 Qc2+ 44. Kh3 Rh7+ 45. Rh5
Rxh5+ 46. Qxh5+ Ke7 47. Qg5+ Ke6 48. Qg8+ Ke7 49. Qg7+ Ke6 50. Qxa7 Qf5+ 51.
Kg2 Qe4+ 52. Kf2 Qc2+ 53. Kf3 Qd3+ 54. Kf2 Qc2+ 55. Kf3 Qd3+ 1/2-1/2

[Event "FBL 1"]
[Site "Deutschland"]
[Date "2009.11.08"]
[Round "2.2"]
[White "Kunze, Kerstin"]
[Black "Michna, Marta"]
[Result "0-1"]
[WhiteElo "2147"]
[BlackElo "2366"]
[PlyCount "98"]
[EventDate "2009.11.07"]
[EventType "team"]
[EventCountry "GER"]
[WhiteTeam "SAV Torgelow"]
[BlackTeam "Hamburger SK von 1830"]

1. d4 Nf6 2. c4 c5 3. Nf3 e6 4. g3 b6 5. Bg2 Bb7 6. O-O d6 7. Nc3 Be7 8. b3 O-O
9. Bb2 a6 10. d5 Re8 11. dxe6 fxe6 12. Bh3 Bf8 13. Ng5 Bc8 14. Qd3 Ra7 15. Rad1
Nc6 16. Nce4 Nxe4 17. Qxe4 Qxg5 18. Qxc6 Qd8 19. Qe4 Rf7 20. Qg4 b5 21. Rd3 Qa5
22. a3 Qb6 23. Ba1 Qa5 24. Bb2 d5 25. Qg5 bxc4 26. bxc4 Qb6 27. Be5 Bb7 28. Qd2
d4 29. Bg2 Bxg2 30. Kxg2 Bd6 31. Bxd6 Qxd6 32. Rb1 e5 33. Rdb3 e4 34. Rb6 Rxf2+
35. Kg1 Qf8 36. Qg5 Rf5 37. Qg4 d3 38. Rxa6 e3 39. Ra7 g6 40. Qh3 Rf7 41. Rxf7
Qxf7 42. Rf1 dxe2 43. Rxf7 e1=Q+ 44. Qf1 Qc3 45. Rf3 Qxa3 46. Qd1 Qa7 47. Qe2
Qa1+ 48. Rf1 Qd4 49. Rd1 Qe4 0-1

[Event "FBL 1"]
[Site "Deutschland"]
[Date "2009.11.08"]
[Round "2.3"]
[White "Voiska, Margarita"]
[Black "Chlost, Marlena"]
[Result "1-0"]
[WhiteElo "2349"]
[BlackElo "2171"]
[PlyCount "67"]
[EventDate "2009.11.07"]
[EventType "team"]
[EventCountry "GER"]
[WhiteTeam "Hamburger SK von 1830"]
[BlackTeam "SAV Torgelow"]

1. c4 Nf6 2. Nc3 c5 3. g3 d5 4. cxd5 Nxd5 5. Bg2 Nc7 6. Nf3 Nc6 7. O-O e5 8. a3
Be7 9. b4 f6 10. bxc5 Bxc5 11. Bb2 Ne6 12. e3 Qd3 13. Ne1 Qd7 14. Ne4 Be7 15.
f4 O-O 16. fxe5 fxe5 17. Rxf8+ Bxf8 18. Nf3 Qd5 19. Nxe5 Qb5 20. Bc3 Nxe5 21.
a4 Qd3 22. Bxe5 Bd7 23. Nf2 Qf5 24. Bxb7 Re8 25. d4 Ng5 26. h4 Nf7 27. Bd5 Rxe5
28. dxe5 Be6 29. e4 Qxe5 30. Bxe6 Qxe6 31. Qd5 Qf6 32. Rf1 Qc3 33. Nd3 Qc7 34.
Kg2 1-0

[Event "FBL 1"]
[Site "Deutschland"]
[Date "2009.11.08"]
[Round "2.4"]
[White "Pfau, Beate"]
[Black "Juergens, Vera"]
[Result "1/2-1/2"]
[WhiteElo "2131"]
[BlackElo "2290"]
[PlyCount "63"]
[EventDate "2009.11.07"]
[EventType "team"]
[EventCountry "GER"]
[WhiteTeam "SAV Torgelow"]
[BlackTeam "Hamburger SK von 1830"]

1. c4 e5 2. Nc3 d6 3. Nf3 f5 4. d3 Nf6 5. b4 Be7 6. Qb3 Be6 7. Ng5 Bg8 8. Nf3
c6 9. Bd2 Nbd7 10. e3 h6 11. Be2 g5 12. g3 Bf7 13. Qc2 O-O 14. e4 fxe4 15. Nxe4
Nxe4 16. dxe4 Bg6 17. Bc3 d5 18. cxd5 cxd5 19. Nd2 Rc8 20. Qb3 Bf7 21. exd5 Nb6
22. Bxe5 Nxd5 23. Qb2 Bxb4 24. O-O Qe7 25. Ne4 Bg6 26. Bd3 Rce8 27. Nf6+ Nxf6
28. Bxg6 Rd8 29. a3 Ba5 30. Bc3 Bxc3 31. Qxc3 Qe6 32. Rfe1 1/2-1/2

[Event "FBL 1"]
[Site "Deutschland"]
[Date "2009.11.08"]
[Round "2.5"]
[White "Gasik, Anna"]
[Black "Haack, Karin"]
[Result "1-0"]
[WhiteElo "2189"]
[BlackElo "2022"]
[PlyCount "53"]
[EventDate "2009.11.07"]
[EventType "team"]
[EventCountry "GER"]
[WhiteTeam "Hamburger SK von 1830"]
[BlackTeam "SAV Torgelow"]

1. e4 d6 2. d4 Nf6 3. Nc3 g6 4. Nf3 Bg7 5. g3 O-O 6. Bg2 c6 7. a4 Na6 8. O-O c5
9. Qe2 cxd4 10. Nxd4 Nc5 11. Rd1 Bg4 12. f3 Bd7 13. Be3 Qa5 14. Ncb5 a6 15. b4
Qd8 16. bxc5 dxc5 17. Nb3 axb5 18. e5 b6 19. a5 Ne8 20. f4 Ra7 21. axb6 Rxa1
22. Rxa1 Qxb6 23. Bxc5 Qc7 24. Ra7 Qd8 25. Qd2 Nc7 26. Bb6 Qb8 27. Rb7 1-0

[Event "FBL 1"]
[Site "Deutschland"]
[Date "2009.11.08"]
[Round "2.6"]
[White "Hippe, Franziska"]
[Black "Schmidt, Jade"]
[Result "0-1"]
[WhiteElo "1950"]
[BlackElo "2003"]
[PlyCount "120"]
[EventDate "2009.11.07"]
[EventType "team"]
[EventCountry "GER"]
[WhiteTeam "SAV Torgelow"]
[BlackTeam "Hamburger SK von 1830"]

1. e4 c5 2. Nf3 d6 3. d4 cxd4 4. Nxd4 Nf6 5. Nc3 Nc6 6. Be2 e5 7. Nb3 Be7 8.
O-O O-O 9. Be3 a5 10. a4 Nb4 11. f4 Be6 12. Nd2 exf4 13. Bxf4 Qb6+ 14. Kh1 Rac8
15. Nf3 d5 16. exd5 Nfxd5 17. Nxd5 Nxd5 18. Bc1 Ne3 19. Bxe3 Qxe3 20. Bd3 Rfd8
21. Re1 Qh6 22. Qe2 Bd6 23. Rad1 Bg3 24. Rf1 Bg4 25. Qd2 Qh5 26. h3 Re8 27. Bb5
Rf8 28. Bd7 Bxd7 29. Qxd7 Rxc2 30. Qxb7 Qc5 31. Nd4 Rf2 32. Rxf2 Bxf2 33. Nf3
Qc2 34. Rd2 Qc1+ 35. Kh2 Be3 36. Re2 h6 37. Qe4 Bf4+ 38. g3 Bd6 39. Rc2 Qf1 40.
Qe2 Qxe2+ 41. Rxe2 Rb8 42. Nd4 Rb4 43. Nb5 Bc5 44. Rc2 Be3 45. Nd6 Rxa4 46.
Rc8+ Kh7 47. Nxf7 Bd4 48. b3 Ra2+ 49. Kh1 Rb2 50. Rc4 Bf6 51. Ra4 Bc3 52. Nd6
Rxb3 53. Nc4 Rb4 54. Rxb4 Bxb4 55. Nb2 Kg6 56. Kg2 Kf5 57. Kf3 Ke5 58. Ke3 Kd5
59. Kd3 Kc5 60. Kc2 Kd4 0-1

[Event "FBL 1"]
[Site "Deutschland"]
[Date "2009.11.08"]
[Round "2.1"]
[White "Mueller Ludwig, Kristin"]
[Black "Mader, Manuela"]
[Result "0-1"]
[WhiteElo "2151"]
[BlackElo "2185"]
[PlyCount "64"]
[EventDate "2009.11.07"]
[EventType "team"]
[EventCountry "GER"]
[WhiteTeam "SV Medizin Erfurt"]
[BlackTeam "Karlsruher SF 1853"]

1. e4 c6 2. d4 d5 3. Nc3 dxe4 4. Nxe4 Bf5 5. Ng3 Bg6 6. h4 h6 7. Nh3 Nf6 8. Nf4
Bh7 9. Bc4 e6 10. O-O Nd5 11. Ngh5 Nd7 12. Re1 N7b6 13. Bb3 Qd7 14. c4 Nxf4 15.
Nxf4 O-O-O 16. Be3 g5 17. Nd3 Bxd3 18. Qxd3 Rg8 19. hxg5 hxg5 20. Rad1 Qc7 21.
Qe4 Rg6 22. g4 Bb4 23. Rf1 Rh8 24. Qe5 Qxe5 25. dxe5 Rh4 26. f3 Nd7 27. Kg2
Nxe5 28. Bxa7 Rgh6 29. Bg1 f5 30. Rfe1 Bxe1 31. Rxe1 Nd3 32. Rd1 Nf4+ 0-1

[Event "FBL 1"]
[Site "Deutschland"]
[Date "2009.11.08"]
[Round "2.3"]
[White "Hannes, Diana"]
[Black "Jelica, Mara"]
[Result "1-0"]
[WhiteElo "2115"]
[BlackElo "2231"]
[PlyCount "107"]
[EventDate "2009.11.07"]
[EventType "team"]
[EventCountry "GER"]
[WhiteTeam "SV Medizin Erfurt"]
[BlackTeam "Karlsruher SF 1853"]

1. e4 c5 2. Nf3 a6 3. g3 Nc6 4. Bg2 e5 5. O-O Nf6 6. d3 Be7 7. c4 O-O 8. Nc3 d6
9. Ne1 Rb8 10. f4 Bg4 11. Qd2 exf4 12. gxf4 Nd4 13. Nc2 Nxc2 14. Qxc2 b5 15. b3
b4 16. Ne2 Bxe2 17. Qxe2 Nd7 18. Be3 Bf6 19. Rad1 Bd4 20. Bxd4 cxd4 21. Rf3 Qf6
22. Rdf1 a5 23. Rh3 g6 24. Qg4 Qe7 25. Rg3 Rbc8 26. Bh3 Rc7 27. Qf3 Nf6 28. Qf2
Nh5 29. Rg5 Rc5 30. Rd5 Rxd5 31. cxd5 Qf6 32. Bg4 Ng7 33. Rc1 h5 34. Be2 Ra8
35. Rc6 g5 36. e5 Qxf4 37. Qxf4 gxf4 38. Rxd6 Re8 39. Bf3 Rxe5 40. Ra6 Nf5 41.
d6 Nxd6 42. Rxd6 Re1+ 43. Kf2 Ra1 44. Rxd4 Rxa2+ 45. Kg1 Ra3 46. Bd5 Ra1+ 47.
Kg2 Ra2+ 48. Kf3 Kg7 49. Rxf4 f6 50. Rh4 Ra3 51. Rxh5 a4 52. Rh4 axb3 53. Rxb4
Ra2 54. Kg3 1-0

[Event "FBL 1"]
[Site "Deutschland"]
[Date "2009.11.08"]
[Round "2.4"]
[White "Kiefhaber, Veronika"]
[Black "Anisheva, Varvara"]
[Result "1-0"]
[WhiteElo "2244"]
[BlackElo "2155"]
[PlyCount "117"]
[EventDate "2009.11.07"]
[EventType "team"]
[EventCountry "GER"]
[WhiteTeam "Karlsruher SF 1853"]
[BlackTeam "SV Medizin Erfurt"]

1. e4 c5 2. c3 e6 3. d4 d5 4. exd5 exd5 5. Be3 cxd4 6. Bxd4 Nc6 7. Nf3 Nxd4 8.
Nxd4 Nf6 9. Bb5+ Bd7 10. O-O Be7 11. Re1 O-O 12. Qd3 Bc5 13. Bxd7 Qxd7 14. Nd2
Rfe8 15. N2b3 Bb6 16. Rad1 Qg4 17. Qg3 Qxg3 18. hxg3 Ne4 19. g4 Kf8 20. Kf1
Rad8 21. Re3 Nf6 22. Rxe8+ Rxe8 23. f3 h6 24. Nf5 g6 25. Nd6 Rb8 26. Nb5 a6 27.
N5d4 Re8 28. Ne2 Be3 29. Nbd4 h5 30. gxh5 Nxh5 31. Nc2 Ba7 32. Nb4 Kg7 33. Nxd5
Rh8 34. Ndf4 Nxf4 35. Nxf4 Rh1+ 36. Ke2 Rh2 37. Rd7 Bb8 38. Ke3 Bxf4+ 39. Kxf4
Rxg2 40. Rxb7 a5 41. a4 g5+ 42. Kf5 Rg3 43. Rb5 Rxf3+ 44. Kxg5 Rf2 45. b4 axb4
46. cxb4 f6+ 47. Kg4 Kg6 48. Rb6 Rc2 49. a5 Rc4+ 50. Kf3 Kg5 51. a6 f5 52. b5
Rc3+ 53. Kf2 Ra3 54. Rb7 Kf4 55. a7 Ra2+ 56. Ke1 Kf3 57. b6 f4 58. Rb8 Ra1+ 59.
Kd2 1-0

[Event "FBL 1"]
[Site "Deutschland"]
[Date "2009.11.08"]
[Round "2.5"]
[White "Umpfenbach, Carolin"]
[Black "Nill, Jessica"]
[Result "1/2-1/2"]
[WhiteElo "2122"]
[BlackElo "2237"]
[PlyCount "136"]
[EventDate "2009.11.07"]
[EventType "team"]
[EventCountry "GER"]
[WhiteTeam "SV Medizin Erfurt"]
[BlackTeam "Karlsruher SF 1853"]

1. d4 d5 2. c4 c6 3. Nf3 Nf6 4. e3 a6 5. Nbd2 Bf5 6. Be2 h6 7. O-O e6 8. Nb3
Be7 9. Bd2 Ne4 10. Rc1 O-O 11. Ba5 b6 12. Be1 Nd7 13. cxd5 cxd5 14. a3 Bd6 15.
Na1 Qe7 16. Nc2 a5 17. Bd2 Rfd8 18. Nce1 e5 19. dxe5 Nxe5 20. Nd4 Bd7 21. Nef3
Qf6 22. Bc3 Rac8 23. Qb3 Nxf3+ 24. Nxf3 Nxc3 25. Rxc3 Rxc3 26. bxc3 Bf5 27. a4
Be4 28. c4 dxc4 29. Qxc4 Bd5 30. Qh4 Qxh4 31. Nxh4 Bc6 32. Ra1 Bb4 33. Nf5 Rd2
34. Bf3 Bd7 35. Ng3 Rb2 36. h3 g6 37. Ne4 Kg7 38. Ng3 b5 39. Rd1 Rd2 40. Rxd2
Bxd2 41. axb5 Bxb5 42. Bd5 a4 43. Nf1 Bc1 44. f3 a3 45. Kf2 Bd3 46. Ba2 h5 47.
h4 f5 48. Ng3 Bb5 49. Ne2 Bb2 50. Ke1 Bf6 51. g3 Bc6 52. f4 Kf8 53. Kd2 Ke7 54.
Kc2 Ba4+ 55. Kb1 Bb2 56. Nd4 Bc3 57. Nf3 Bc6 58. Kc2 Bb2 59. Nd2 Kf6 60. Nc4
Be4+ 61. Kd1 Bd5 62. Kc2 Bxc4 63. Bxc4 Ke7 64. Ba2 Ke8 65. Bc4 Bf6 66. Kd3 Bd8
67. e4 fxe4+ 68. Kxe4 Bc7 1/2-1/2

[Event "FBL 1"]
[Site "Deutschland"]
[Date "2009.11.08"]
[Round "2.6"]
[White "Vidonyak, Nellya"]
[Black "Kube, Hannelore"]
[Result "1-0"]
[WhiteElo "2175"]
[BlackElo "2001"]
[PlyCount "93"]
[EventDate "2009.11.07"]
[EventType "team"]
[EventCountry "GER"]
[WhiteTeam "Karlsruher SF 1853"]
[BlackTeam "SV Medizin Erfurt"]

1. d4 d5 2. Nf3 e6 3. c4 f5 4. g3 Nf6 5. Bg2 Be7 6. O-O O-O 7. b3 Qe8 8. Ba3
Nbd7 9. Bxe7 Qxe7 10. Qc2 c6 11. Rd1 Ne4 12. Ne1 Ndf6 13. Nd3 Bd7 14. f3 Nd6
15. Nd2 Be8 16. Re1 Nf7 17. Qb2 Rd8 18. Rad1 Nd7 19. e4 dxe4 20. fxe4 Qd6 21.
e5 Qe7 22. Kh1 Nb6 23. a4 Nh6 24. a5 Na8 25. b4 Bh5 26. Rc1 Qg5 27. Nf4 Nc7 28.
Nb3 Bf7 29. Nc5 b6 30. axb6 axb6 31. Nb7 Rb8 32. Bxc6 Qe7 33. Nd6 g5 34. Nxf7
Qxf7 35. Nh3 Qh5 36. Ng1 f4 37. gxf4 Rxf4 38. Rf1 Rbf8 39. Qg2 Nd5 40. cxd5 Ng4
41. Rxf4 Rxf4 42. Nh3 Rxd4 43. Bd7 Kh8 44. Bxe6 Ne3 45. Rc8+ Kg7 46. Rg8+ Kh6
47. Qxg5+ 1-0

[Event "FBL 1"]
[Site "Deutschland"]
[Date "2009.11.08"]
[Round "2.2"]
[White "Kachiani Gersinska, Ketino"]
[Black "Jussupow, Ekaterina"]
[Result "1-0"]
[WhiteElo "2349"]
[BlackElo "2153"]
[PlyCount "71"]
[EventDate "2009.11.07"]
[EventType "team"]
[EventCountry "GER"]
[WhiteTeam "OSG - SG Baden-Baden 1922"]
[BlackTeam "SV Wolfbusch"]

1. d4 Nf6 2. c4 e6 3. g3 d5 4. Nf3 Bb4+ 5. Bd2 Be7 6. Bg2 O-O 7. O-O c6 8. Qc2
b6 9. Rd1 Bb7 10. Bf4 Nh5 11. Bc1 Nf6 12. Nc3 Nbd7 13. b3 Rc8 14. e4 dxe4 15.
Ng5 Qc7 16. Ncxe4 Nxe4 17. Bxe4 h6 18. Bf4 e5 19. Bh7+ Kh8 20. Bg8 f5 21. Ne6
Qb8 22. Nxf8 Rxf8 23. dxe5 Nxe5 24. Qe2 Bf6 25. Be6 g5 26. Qh5 Bg7 27. Bxe5
Qxe5 28. Re1 Qf6 29. Rad1 f4 30. Qe2 fxg3 31. hxg3 c5 32. Bd5 Bc8 33. Rd2 Qc3
34. Rd3 Qb2 35. Rf3 Rxf3 36. Qxf3 1-0

[Event "FBL 1"]
[Site "Deutschland"]
[Date "2009.11.08"]
[Round "2.3"]
[White "Erben, Larissa"]
[Black "Sedina, Elena"]
[Result "1-0"]
[WhiteElo "2023"]
[BlackElo "2335"]
[PlyCount "79"]
[EventDate "2009.11.07"]
[EventType "team"]
[EventCountry "GER"]
[WhiteTeam "SV Wolfbusch"]
[BlackTeam "OSG - SG Baden-Baden 1922"]

1. e4 e6 2. d4 d5 3. exd5 exd5 4. Nf3 Nc6 5. Bb5 Bd6 6. c4 dxc4 7. d5 a6 8. Ba4
b5 9. dxc6 bxa4 10. O-O Ne7 11. Qxa4 O-O 12. Nbd2 Rb8 13. a3 Rb5 14. Nxc4 Nxc6
15. Bg5 f6 16. Bh4 Qe8 17. Rfe1 Qf7 18. Rac1 Bb7 19. Re2 Qh5 20. Rce1 Nd4 21.
Nxd4 Bxh2+ 22. Kf1 Qxh4 23. Nxb5 Bd6 24. Re3 axb5 25. Qxb5 Qh1+ 26. Ke2 Qxg2
27. Nxd6 cxd6 28. Qc4+ Bd5 29. Qf4 Rc8 30. Kd2 Bf7 31. Qf5 Rb8 32. b4 Qc6 33.
Rc1 Qb7 34. Rec3 Re8 35. Rc8 Qe7 36. Rxe8+ Bxe8 37. Qc8 Kf8 38. Re1 Qf7 39. Qe6
Qh5 40. Qe7+ 1-0